1439 1039 1007 1344 1111 1856 1333 1131 1663 1305 1166 1015 1147 1038 1477 1630 1695 1867 1043 1855 1696 1373 1440 1064 1986 1854 1161 1844 1173 1748 1860 1566 1046 1257 1643 1245 1823 1367 1122 1366 1801 1260 1087 1272 1986 1911 1396 1399 1910 1533 1770 1892 1396 1856 1689 1628 1441 1452 1992 1790 1743 1822 1177 1583 1878 1639 1894 1240 1789 1809 1317 1967 1324 1287 1142 1291 1777 1024 1334 1041 1723 1859 1211 1906 1194 1477 1151 1271 1863 1790 1635 1890 1194 1366 1521 1740 1088 1860 1698 BCNSPRNW ULIB Ver.6.0+V

เปลี่ยนเป็นภาษาไทย

Change to English
 แสดงรายละเอียดบรรณานุกรม
  กลับหน้าหลัก

Brief Record : Get Marc (ISO 2709) : E-mail record : QR code < ปิดหน้าต่าง
LEADER : 00000nam 2200000uu 4500
001    13399121668
003     ULIB
008    121129s2547||||th 000 0 tha d
020    ^a9789748317625
060 04 ^aWS105.5^bช541ร
100 0  ^aคิวโทกุ, ชิเงโมริ
245 10 ^aโรคแม่ทำ /^cโดย ชิเงโมริ คิวโทกุ ; แปล/เรียบเรียงโดย สมอาจ วงษ์ขมทอง
250    ^aพิมพ์ครั้งที่ 9
260    ^aกรุงเทพฯ :^bหมอชาวบ้าน,^c2547
300    ^a163 หน้า :^bภาพประกอบ
650  2 ^aFamily Relations
650  2 ^aParent-Child Relations
700 00 ^aสมอาจ วงษ์ขมทอง,^eผู้แปล
945    ^p120^l0^i15204
995    ^aวิภา
999 ^a ใช้งานได้ทุกระบบ
รายการนี้ยังไม่มีแท็ก
คุณยังไม่ได้ล็อกอิน คุณสามารถมีกิจกรรมร่วมกับเว็บไซต์ได้ แต่ต้องล็อกอินก่อน ::
  ล็อกอิน

รายการสื่อสารสนเทศ

ลำดับที่ ประเภท เลขเรียก/บาร์โค้ด สถานที่ สถานะ
1. วิทยาศาสตร์การแพทย์ และสุขภาพ
วิทยาศาสตร์การแพทย์ และสุขภาพ
WS105.5 ช541ร  
  Barcode: 15204
ห้องสมุดวิทยาเขตสวรรค์ประชารักษ์
►หนังสือทั่วไป
บนชั้น

รายการใกล้เคียง
    ผู้แต่ง [คิวโทกุ, ชิเงโมริ]

    หัวเรื่อง [Family Relations]
    หัวเรื่อง [Parent-Child Relations]

BibComment


ยังไม่เคยถูกคอมเมนท์

คอมเมนท์ทรัพยากรรายการนี้
  คอมเมนท์: โรคแม่ทำ โดย ชิ..


 Copyright 2026. Bcnsprnw @Library